|
|
|
|
| LEADER |
00944nam a2200229 a 4500 |
| 001 |
277840 |
| 008 |
090712s1961 nyu b 001 0 eng d |
| 010 |
|
|
|a \\\61005078
|
| 040 |
|
|
|a DLC
|c DLC
|d DLC
|
| 082 |
0 |
0 |
|a 820.903
|2 16
|
| 100 |
1 |
|
|a Wright, Austin,
|e ed.
|
| 245 |
1 |
0 |
|a Victorian literature :
|b modern essays in criticism /
|c edited by Austin Wright.
|
| 260 |
|
|
|a New York,
|b Oxford University Press,
|c 1961.
|
| 300 |
|
|
|a vi, 377 p. ;
|c 21 cm.
|
| 490 |
0 |
|
|a A Galaxy book, GB52
|
| 504 |
|
|
|a Includes bibliographical references and index.
|
| 541 |
1 |
|
|e 00009272
|
| 650 |
|
0 |
|a English literature
|y 19th century
|x History and criticism.
|
| 700 |
1 |
|
|a Wright, Austin,
|e ed.
|
| 852 |
4 |
|
|a Ayesha Abed Library
|j General shelf
|
| 999 |
|
|
|c 2308
|d 2308
|
| 952 |
|
|
|0 0
|1 0
|2 ddc
|4 1
|6 820_903000000000000_WRI
|7 0
|9 2131
|a BRACUL
|b BRACUL
|c SPS
|d 2009-07-12
|g 0.00
|l 1
|m 1
|o 820.903 WRI
|p 3010009272
|r 2011-12-21
|s 2011-11-02
|t 1
|w 2009-07-12
|y BK
|x No price found in the accession register.
|